Acoustic survey on golden jackal population in the area of sastya game management unit
The aim of our study was based on field research to estimate the population density of golden jackal (Canis aureus) -which is continuously spreading in Hungary - in the area of Sastya Hunting Club, Vajszló (Ormánság region, SW Hungary). The species has been living here for two decades, so based on e...
Elmentve itt :
| Szerzők: | |
|---|---|
| Dokumentumtípus: | Cikk |
| Megjelent: |
2013
|
| Sorozat: | Review on agriculture and rural development
2 No. 1 |
| Kulcsszavak: | Aranysakál - előadáskivonat, Ragadozók - előadáskivonat, Vadvédelem - előadáskivonat |
| Tárgyszavak: | |
| Online Access: | http://acta.bibl.u-szeged.hu/55310 |
| LEADER | 02593nab a2200313 i 4500 | ||
|---|---|---|---|
| 001 | acta55310 | ||
| 005 | 20240417153018.0 | ||
| 008 | 180619s2013 hu o 000 eng d | ||
| 022 | |a 2063-4803 | ||
| 040 | |a SZTE Egyetemi Kiadványok Repozitórium |b hun | ||
| 041 | |a eng | ||
| 100 | 1 | |a Szabó László | |
| 245 | 1 | 0 | |a Acoustic survey on golden jackal population in the area of sastya game management unit |h [elektronikus dokumentum] / |c Szabó László |
| 260 | |c 2013 | ||
| 300 | |a 511 | ||
| 490 | 0 | |a Review on agriculture and rural development |v 2 No. 1 | |
| 520 | 3 | |a The aim of our study was based on field research to estimate the population density of golden jackal (Canis aureus) -which is continuously spreading in Hungary - in the area of Sastya Hunting Club, Vajszló (Ormánság region, SW Hungary). The species has been living here for two decades, so based on earlier studies it has a stable population in this area. Acoustic monitoring method was used to estimate the density. Survey was executed in March and in November 2012, during two precipitation-free and windless nights. Size of the study area was 1570 hectares in spring and 2200 hectares in autumn. During the first field-work howling of 5 different jackal groups were detected (1 individual in 1 case, 2 individuals in 1 case, more than 2 individuals in 3 cases); 9 diffent groups were heard in the second survey (1 individual in 1 case, 2 individuals in 2 cases, more than 2 individuals in 6 cases). The estimated group density was 3,2 in spring and 4,1 in autumn by 1000 hectares. Our results are in accordance with earlier studies done in this region. The research was supported by the Hungarian-Serbian bilateral programme entitled “Population density and feeding habits of the golden jackal (Canis aureus L. 1758) in different habitats in the Pannonian ecoregion” (project number: RS-14/09). The publication was supported by the “Research Faculty Grant” of the Hungarian Ministry of Human Resources”. | |
| 650 | 4 | |a Természettudományok | |
| 650 | 4 | |a Biológiai tudományok | |
| 650 | 4 | |a Mezőgazdaság-tudományok | |
| 650 | 4 | |a Állattenyésztési és tejtermelési tudomány | |
| 695 | |a Aranysakál - előadáskivonat, Ragadozók - előadáskivonat, Vadvédelem - előadáskivonat | ||
| 700 | 0 | 1 | |a Lanszki József |e aut |
| 700 | 0 | 1 | |a Kurys Anita |e aut |
| 700 | 0 | 1 | |a Nagyapáti Nikolett |e aut |
| 700 | 0 | 1 | |a Cirovic Dusko |e aut |
| 700 | 0 | 1 | |a Penezic Alexandra |e aut |
| 700 | 0 | 1 | |a Heltai Miklós |e aut |
| 856 | 4 | 0 | |u http://acta.bibl.u-szeged.hu/55310/1/agricul_review_2013_001_suppl_511.pdf |z Dokumentum-elérés |